[Event "Korinthos m"]
[Site "Korinthos"]
[Date "2002.05.14"]
[Round "5"]
[White "Gurevich, Mikhail"]
[Black "Banikas, Hristos"]
[Result "0-1"]
[WhiteElo "2641"]
[BlackElo "2523"]
[PlyCount "150"]
[EventDate "2002.05.13"]
[Source "ChessBase"]
[SourceDate "2002.09.20"]

1. d4 g6 2. c4 Bg7 3. e4 d6 4. Nc3 f5 5. exf5 Bxf5 6. Nge2 Nh6 7. Ng3 O-O 8. Be2 Nc6 9. Be3 e5 10. dxe5 Nxe5 11. Qd2 Nhg4 12. Bg5 Qd7 13. O-O Be6 14. b3 h6 15. Be3 Nxe3 16. Qxe3 Bf7 17. Qd2 Rae8 18. Rae1 Qd8 19. f4 Nd7 20. Bf3 b6 21. Bd5 Rxe1 22. Qxe1 Bxd5 23. Nxd5 Re8 24. Qd2 Nf6 25. Re1 Rxe1+ 26. Qxe1 Nxd5 27. Qe6+ Kh7 28. cxd5 Qh4 29. Qf7 Qg4 30. Kf2 Qd1 31. Ne2 Kh8 32. Qe8+ Kh7 33. Qe4 Qd2 34. a4 Bf6 35. g3 Kg7 36. Qc4 Kf8 37. Kf3 Ke8 38. f5 gxf5 39. Nf4 Qc3+ 40. Qxc3 Bxc3 41. Ne6 Kd7 42. Kf4 c5 43. Kxf5 a6 44. Ke4 b5 45. axb5 axb5 46. g4 Bf6 47. h3 c4 48. bxc4 bxc4 49. Nf4 Kc7 50. h4 Kb6 51. Ng2 Kc5 52. g5 hxg5 53. hxg5 Bxg5 54. Ne1 Kb4 55. Kf3 Bd2 56. Nc2+ Kc3 57. Na3 Kb3 58. Nb5 c3 59. Ke2 c2 60. Kxd2 Kb2 61. Nxd6 c1=Q+ 62. Kd3 Qc5 63. Nc4+ Kb3 64. Ne3 Qc3+ 65. Ke4 Kb4 66. d6 Qd2 67. Nd5+ Kc5 68. Ne3 Qxd6 69. Nf5 Qe6+ 70. Kf4 Qf6 71. Kg4 Kd5 72. Ng3 Ke5 73. Kh3 Qg5 74. Ne2 Qh5+ 75. Kg3 Qxe2 0-1

[Event "Interzonal"]
[Site "?"]
[Date "1990.??.??"]
[Round "12"]
[White "Stohl Igor"]
[Black "Seirawan Yasser"]
[Result "1/2-1/2"]
[WhiteElo "2525"]
[BlackElo "2635"]
[PlyCount "99"]
[EventDate "1990.??.??"]
[Source "www.chesslib.no"]
[SourceDate "2004.05.04"]

1. d4 d6 2. e4 g6 3. c4 e5 4. Ne2 Nc6 5. Nbc3 Bg7 6. Be3 Nh6 7. f3 f5 8. d5 Ne7 9. Qd2 Nf7 10. c5 f4 11. Bf2 g5 12. Nc1 Ng6 13. Be2 dxc5 14. Bxc5 a6 15. Nd3 b6 16. Bf2 Bf8 17. a4 a5 18. b4 Bd7 19. Qb2 Bd6 20. Nb5 Bxb5 21. axb5 axb4 22. Ra6 Rc8 23. Nxb4 O-O 24. Nd3 h5 25. h3 Nh6 26. Kd2 Rf7 27. Qc3 Rh7 28. Rc1 Rb8 29. Nb2 g4 30. Nc4 gxh3 31. gxh3 Nf7 32. Nxd6 Nxd6 33. Rg1 Rg7 34. Raa1 Ra8 35. Rxa8 Qxa8 36. Ra1 Qd8 37. Qc6 Kh7 38. Ra7 Kh6 39. Ra8 Qg5 40. Kd3 Qg2 41. Bxb6 cxb6 42. Qxd6 Qf2 43. Kd2 Kh7 44. Ra3 Qd4+ 45. Kc2 Nh4 46. Rc3 Qf2 47. Kd2 Qd4+ 48. Kc2 Qf2 49. Kd2 Qd4+ 50. Kc2 1/2-1/2

[Event "It (Open) INT"]
[Site "?"]
[Date "2006.05.06"]
[Round "?"]
[White "Kryakvin Dmitry"]
[Black "Moskvin Vladimir"]
[Result "1-0"]
[WhiteElo "2472"]
[BlackElo "2685"]
[PlyCount "49"]
[EventDate "2006.??.??"]
[Source "www.chesslib.no"]
[SourceDate "2004.05.04"]

1. d4 g6 2. c4 Bg7 3. Nf3 d6 4. Nc3 Nd7 5. e4 e5 6. Be2 exd4 7. Nxd4 Ngf6 8. O-O O-O 9. f3 Re8 10. Be3 c6 11. Qc2 d5 12. cxd5 cxd5 13. Ndb5 a6 14. Nd6 Re6 15. Nxc8 Rxc8 16. Rad1 dxe4 17. fxe4 Nxe4 18. Bg4 f5 19. Qb3 Qe7 20. Nxe4 fxg4 21. Ng5 Rcc6 22. Rf7 Qxf7 23. Nxf7 Kxf7 24. Rxd7+ Kg8 25. Re7 1-0

[Event "Lloyds Bank Open"]
[Site "London ENG"]
[Date "1994.??.??"]
[Round "9"]
[White "Chernin, Alexander M"]
[Black "Norwood, David"]
[Result "1/2-1/2"]
[WhiteElo "2630"]
[BlackElo "2525"]
[PlyCount "51"]
[EventDate "1994.08.??"]
[Source "www.chesslib.no"]
[SourceDate "2004.05.04"]

1. d4 g6 2. c4 Bg7 3. e4 d6 4. Nc3 Nd7 5. Nf3 e5 6. Be2 Ne7 7. O-O O-O 8. Re1 h6 9. Bf1 exd4 10. Nxd4 Nc6 11. Be3 Nde5 12. h3 Nxd4 13. Bxd4 Be6 14. f4 c5 15. Bf2 Nxc4 16. f5 Nxb2 17. Qc2 Qa5 18. e5 Bxf5 19. Qxb2 dxe5 20. Nd5 e4 21. Qxb7 Bxa1 22. Rxa1 Rad8 23. Rc1 Qxa2 24. Rxc5 Be6 25. Nf6+ Kg7 26. Nxe4 1/2-1/2

[Event "Primavara"]
[Site "?"]
[Date "1998.??.??"]
[Round "2"]
[White "Nisipeanu Liviu-Dieter"]
[Black "Badea Bela"]
[Result "1/2-1/2"]
[WhiteElo "2610"]
[BlackElo "2545"]
[PlyCount "32"]
[EventDate "1998.??.??"]
[Source "www.chesslib.no"]
[SourceDate "2004.05.04"]

1. e4 g6 2. d4 c6 3. c4 Bg7 4. Nc3 d6 5. Be2 Nd7 6. Nf3 e5 7. d5 c5 8. g4 Ndf6 9. h3 Ne7 10. Be3 O-O 11. Nd2 Ne8 12. Qc2 f5 13. f3 a6 14. a3 Bd7 15. b4 b6 16. g5 Bh8 1/2-1/2

[Event "Lone Pine Open"]
[Site "Lone Pine, CA USA"]
[Date "1979.??.??"]
[Round "8"]
[White "Sosonko, Gennadi P"]
[Black "Larsen, Bent"]
[Result "1/2-1/2"]
[WhiteElo "2535"]
[BlackElo "2620"]
[PlyCount "72"]
[EventDate "1979.03.??"]
[Source "www.chesslib.no"]
[SourceDate "2004.05.04"]

1. d4 g6 2. c4 Bg7 3. Nc3 d6 4. e4 e5 5. Nf3 Nc6 6. d5 Nce7 7. Be2 f5 8. exf5 gxf5 9. Ng5 Ng6 10. Bh5 N8e7 11. f4 exf4 12. O-O O-O 13. Bxg6 Nxg6 14. Qh5 h6 15. Ne6 Bxe6 16. Qxg6 Bd7 17. Bxf4 Qh4 18. Rae1 Rae8 19. Rxe8 Rxe8 20. h3 Re1 21. Rxe1 Qxe1+ 22. Kh2 Kh8 23. Qh5 Kh7 24. Ne2 Qd1 25. b3 b5 26. Qf7 Qxe2 27. Qxd7 Qe4 28. Kg3 bxc4 29. bxc4 h5 30. h4 Qe1+ 31. Kh3 Qe4 32. Kg3 Qe1+ 33. Kh3 Qc3+ 34. Kh2 Qf6 35. Kh3 Qc3+ 36. Kh2 Qf6 1/2-1/2

[Event "Munchen"]
[Site "?"]
[Date "1992.??.??"]
[Round "?"]
[White "Hertneck, G."]
[Black "Hansen, Cu"]
[Result "1-0"]
[WhiteElo "2530"]
[BlackElo "2620"]
[PlyCount "65"]
[EventDate "1992.??.??"]
[Source "ChessBase"]
[SourceDate "1992.02.01"]

1. Nf3 g6 2. d4 Bg7 3. c4 d6 4. Nc3 e5 5. e4 Bg4 6. d5 a5 7. Be2 Ne7 8. a3 O-O 9. O-O Nd7 10. Bd2 Nc5 11. Be3 Bxf3 12. Bxf3 f5 13. Bxc5 dxc5 14. Na4 b6 15. d6 cxd6 16. exf5 d5 17. Bxd5+ Nxd5 18. Qxd5+ Qxd5 19. cxd5 Rxf5 20. Nxb6 Rb8 21. Nc4 e4 22. d6 Rd5 23. Rad1 Bd4 24. Rfe1 a4 25. Rd2 Rf8 26. g3 Rdf5 27. Rxe4 Bxf2+ 28. Kg2 Bd4 29. Re7 g5 30. d7 h5 31. Re8 Rd5 32. Nb6 Rd6 33. Nxa4 1-0

[Event "Nice ol (Men)"]
[Site "Nice FRA"]
[Date "1974.??.??"]
[Round "11"]
[White "Korchnoi, Viktor L"]
[Black "Padevsky, Nikola B"]
[Result "1/2-1/2"]
[WhiteElo "2670"]
[BlackElo "2480"]
[PlyCount "49"]
[EventDate "1974.06.06"]
[Source "www.chesslib.no"]
[SourceDate "2004.05.04"]

1. c4 g6 2. e4 Bg7 3. d4 d6 4. Nc3 e5 5. d5 Nf6 6. Bd3 O-O 7. Nge2 Nh5 8. O-O Nd7 9. Be3 a6 10. Rc1 Qe7 11. Bb1 Kh8 12. b4 f5 13. f3 f4 14. Bf2 g5 15. c5 Nhf6 16. cxd6 cxd6 17. g4 h5 18. h3 Rf7 19. Qd3 Ne8 20. Rc2 Bf6 21. Rfc1 Qd8 22. Kg2 hxg4 23. hxg4 Rh7 24. Na4 Kg8 25. Qc3 1/2-1/2

[Event "USA (ch)"]
[Site "?"]
[Date "1987.??.??"]
[Round "?"]
[White "Gurevich, D."]
[Black "Seirawan, Y."]
[Result "0-1"]
[WhiteElo "2545"]
[BlackElo "2600"]
[PlyCount "76"]
[EventDate "1987.??.??"]
[Source "ChessBase"]
[SourceDate "1987.07.01"]

1. d4 g6 2. c4 d6 3. Nc3 e5 4. Nf3 Bg7 5. e4 exd4 6. Nxd4 Nc6 7. Be3 Nge7 8. Be2 O-O 9. g4 Be6 10. Rg1 Nxd4 11. Bxd4 Nc6 12. Bxg7 Kxg7 13. Qd2 Qh4 14. Rg3 Qxh2 15. b3 Ne5 16. Qd4 Qh1+ 17. Bf1 f6 18. O-O-O Bxg4 19. Bg2 Qh6+ 20. Rd2 c6 21. f3 Bxf3 22. Rxf3 Nxf3 23. Bxf3 Qf4 24. Qd3 Qe5 25. Bg4 Rfe8 26. Kc2 Rad8 27. Qf3 a6 28. a4 Re7 29. Qh3 Rc7 30. Rh2 Kh8 31. Kb2 b5 32. Kc2 bxc4 33. bxc4 Rb8 34. Qh6 Rcb7 35. Rh3 Qd4 36. Kc1 Qxc4 37. Be2 Rb1+ 38. Kd2 Qd4+ 0-1

[Event "Malmo"]
[Site "Malmo"]
[Date "1993.??.??"]
[Round "3"]
[White "Petursson, Margeir"]
[Black "Rogers, Ian"]
[Result "0-1"]
[WhiteElo "2560"]
[BlackElo "2575"]
[PlyCount "148"]
[EventDate "1993.06.??"]
[Source "ChessBase"]

1. d4 g6 2. e4 Bg7 3. c4 d6 4. Nc3 e5 5. dxe5 dxe5 6. Qxd8+ Kxd8 7. f4 Nd7 8. Nf3 c6 9. Be2 Ke8 10. h3 f6 11. g4 exf4 12. Bxf4 Nh6 13. O-O-O Nf7 14. Bc7 Nde5 15. Nxe5 fxe5 16. Na4 b6 17. c5 b5 18. Nc3 Be6 19. b4 Rc8 20. Bd6 a6 21. h4 Rd8 22. Bc7 Rd4 23. Ba5 Nd8 24. a3 Bb3 25. Rd2 Ne6 26. Rb2 Bc4 27. Rd1 Rf8 28. Kb1 Rf4 29. Rg1 Rf7 30. Rg3 Bxe2 31. Rxe2 Rf1+ 32. Ka2 Rh1 33. h5 gxh5 34. gxh5 Rd7 35. Reg2 Rxh5 36. a4 Rh1 37. axb5 axb5 38. Rc2 Rf7 39. Bb6 Kf8 40. Kb2 Rhf1 41. Nxb5 cxb5 42. c6 Re1 43. Ra3 Bf6 44. c7 Nxc7 45. Bxc7 Rd7 46. Ra5 Rxe4 47. Rxb5 h5 48. Rb8+ Kf7 49. b5 Rb4+ 50. Ka3 Be7 51. Ka2 Ra4+ 52. Kb2 Rb4+ 53. Ka2 Rd5 54. Rb2 Ra4+ 55. Kb1 Rd1+ 56. Kc2 Raa1 57. Kc3 Ra3+ 58. Kc2 Raa1 59. Kc3 Rac1+ 60. Rc2 Bb4+ 61. Kb3 Rd3+ 62. Kxb4 Rxc2 63. Bxe5 Rd5 64. Bc3 Rd1 65. Kb3 Rdc1 66. Bb2 Rc8 67. Rb6 R1c5 68. Kb4 Rc4+ 69. Kb3 Rf4 70. Be5 Re4 71. Rb7+ Ke6 72. Bc7 Rf8 73. Ba5 Rf3+ 74. Bc3 Ree3 0-1

[Event "Cappelle op"]
[Site "Cappelle la Grande"]
[Date "1998.??.??"]
[Round "3"]
[White "Shipov, Sergei"]
[Black "Zagorskis, Darius"]
[Result "1/2-1/2"]
[WhiteElo "2620"]
[BlackElo "2515"]
[PlyCount "99"]
[EventDate "1998.02.21"]
[Source "ChessBase"]
[SourceDate "1998.04.29"]

1. d4 g6 2. c4 Bg7 3. e4 d6 4. Nc3 e5 5. Nf3 exd4 6. Nxd4 Nc6 7. Be3 Nge7 8. Be2 O-O 9. O-O f5 10. Nxc6 bxc6 11. Bd4 Bxd4 12. Qxd4 c5 13. Qd2 Bb7 14. Bf3 Rb8 15. Rfe1 f4 16. Rad1 Nc8 17. Qd3 Qg5 18. Nb5 Rf7 19. e5 Bxf3 20. Qxf3 dxe5 21. Rd5 Nd6 22. Rdxe5 Qf6 23. Rxc5 Qxb2 24. Qd5 Re8 25. Rxe8+ Nxe8 26. h3 Qb1+ 27. Kh2 Qxa2 28. Qe5 Nf6 29. Nxc7 Qxf2 30. Ne6 h6 31. Rc8+ Kh7 32. Rc7 Kg8 33. Rc8+ Kh7 34. Rc7 Kg8 35. Rxf7 Kxf7 36. Nd8+ Kf8 37. Ne6+ Kf7 38. Nd8+ Kf8 39. c5 Ng4+ 40. hxg4 Qh4+ 41. Kg1 Qxd8 42. Qxf4+ Ke7 43. Qe4+ Kf6 44. c6 Qd6 45. Qc4 Qc7 46. Qc3+ Ke6 47. Qe3+ Kd5 48. Qxh6 Qxc6 49. Qd2+ Ke4 50. Qe2+ 1/2-1/2

[Event "TCh-ROU Superliga"]
[Site "Predeal ROU"]
[Date "2007.10.20"]
[Round "8"]
[White "Solak, D."]
[Black "Vajda, L."]
[Result "1-0"]
[WhiteElo "2568"]
[BlackElo "2564"]
[PlyCount "39"]
[EventDate "2007.10.13"]
[Source "www.chesslib.no"]
[SourceDate "2004.05.04"]

1. e4 g6 2. d4 Bg7 3. c4 d6 4. Nc3 Nd7 5. Nf3 e5 6. g3 Ne7 7. Bg2 O-O 8. O-O exd4 9. Nxd4 Ne5 10. b3 N7c6 11. Nxc6 Nxc6 12. Bb2 Be6 13. Qd2 Nd4 14. Rae1 Bh3 15. Nd5 Bxg2 16. Kxg2 Ne6 17. f4 Nc5 18. Bxg7 Kxg7 19. Qc3+ f6 20. e5 1-0

[Event "Orense"]
[Site "Orense"]
[Date "1975.??.??"]
[Round "?"]
[White "Larsen, Bent"]
[Black "Quinteros, Miguel A"]
[Result "1-0"]
[WhiteElo "2625"]
[BlackElo "2505"]
[PlyCount "79"]
[EventDate "1975.??.??"]
[Source "www.chesslib.no"]
[SourceDate "2004.05.04"]

1. c4 g6 2. d4 Bg7 3. e4 d6 4. Nc3 Nc6 5. Be3 e5 6. d5 Nce7 7. g4 Nf6 8. f3 h5 9. g5 Nh7 10. Qd2 f5 11. h4 Nf8 12. c5 a6 13. b4 Nd7 14. a4 O-O 15. a5 Kh7 16. Nge2 Rf7 17. Nc1 Nf8 18. Be2 c6 19. cxd6 Qxd6 20. Bc5 Qd8 21. d6 Ng8 22. Nb3 Qe8 23. Be3 Ne6 24. Rd1 Bd7 25. O-O Rd8 26. Bc4 Rf8 27. Bb6 Rb8 28. Ne2 fxe4 29. fxe4 Nd4 30. Rxf8 Qxf8 31. Nbxd4 exd4 32. Rf1 Qe8 33. Nf4 Qe5 34. Bf7 Qxd6 35. Bxg6+ Kh8 36. Bxh5 d3 37. e5 Bxe5 38. Ng6+ Kg7 39. Nxe5 Qxe5 40. Qxd3 1-0

[Event "6th Dubai Open"]
[Site "Dubai"]
[Date "2004.04.23"]
[Round "5.9"]
[White "Jobava, Baadur"]
[Black "Dzhumaev, Marat"]
[Result "1-0"]
[WhiteElo "2616"]
[BlackElo "2512"]
[PlyCount "76"]
[EventDate "2004.04.19"]
[Source "Roberto Alvarez"]
[SourceDate "2004.05.03"]

1. e4 g6 2. d4 Bg7 3. c4 d6 4. Nc3 c6 5. Nf3 a6 6. Be2 b5 7. O-O Bg4 8. Be3 bxc4 9. Bxc4 e6 10. d5 cxd5 11. exd5 Bxf3 12. gxf3 e5 13. Qa4+ Kf8 14. Ne4 Ne7 15. Rfc1 Nf5 16. Bg5 f6 17. Bd2 Bh6 18. Ba5 Qd7 19. Qxd7 Nxd7 20. Rc3 Ke7 21. Bf1 Rhc8 22. Rc6 Nd4 23. Rxd6 Nc5 24. Bb4 Nxf3+ 25. Kg2 Nh4+ 26. Kh3 Nxe4 27. Rxa6+ Kf7 28. Rxa8 Rxa8 29. Kxh4 Bf4 30. Kg4 Ng5 31. d6 h5+ 32. Kh4 Ke6 33. Rd1 Rb8 34. Bc5 Ne4 35. b4 Rxb4 36. d7 Rb8 37. Bc4+ Kf5 38. Bd3 Rd8 1-0

[Event "Novgorod Open"]
[Site "Novgorod RUS"]
[Date "1995.??.??"]
[Round "2"]
[White "Graf, Alexander"]
[Black "Sokolov, Andrei"]
[Result "1/2-1/2"]
[WhiteElo "2605"]
[BlackElo "2520"]
[PlyCount "30"]
[EventDate "1995.05.??"]
[Source "www.chesslib.no"]
[SourceDate "2004.05.04"]

1. d4 g6 2. c4 Bg7 3. e4 d6 4. Nc3 e5 5. Nge2 exd4 6. Nxd4 Ne7 7. Be3 Nbc6 8. Be2 O-O 9. f4 f5 10. Bf3 fxe4 11. Bxe4 Nf5 12. Nxf5 Bxf5 13. O-O Bxe4 14. Nxe4 Qe7 15. Qd5+ Kh8 1/2-1/2

[Event "ROM-chT"]
[Site "Eforie Nord"]
[Date "2000.12.22"]
[Round "5"]
[White "Van Wely, Loek"]
[Black "Badea, Bela"]
[Result "1/2-1/2"]
[WhiteElo "2643"]
[BlackElo "2480"]
[PlyCount "90"]
[EventDate "2000.12.18"]
[Source "ChessBase"]
[SourceDate "2001.03.20"]

1. d4 g6 2. c4 Bg7 3. Nf3 d6 4. Nc3 Nd7 5. e4 e5 6. Be2 f6 7. Rb1 Nh6 8. h4 Nf7 9. h5 c6 10. Qc2 a5 11. a3 exd4 12. Nxd4 Nc5 13. Be3 a4 14. Rd1 Qe7 15. Kf1 O-O 16. hxg6 hxg6 17. Nf3 f5 18. Nh4 Ne5 19. exf5 g5 20. f6 Qxf6 21. Nf3 Bf5 22. Qd2 Nxf3 23. gxf3 Ne6 24. Qxd6 Rad8 25. Qg3 Rxd1+ 26. Bxd1 Nf4 27. c5 Bd3+ 28. Kg1 Qg6 29. Bxa4 Bxc3 30. Bxf4 gxf4 31. Qxg6+ Bxg6 32. bxc3 Rf5 33. Rh4 Rxc5 34. Bb3+ Kg7 35. c4 Ra5 36. a4 b5 37. cxb5 cxb5 38. Rxf4 bxa4 39. Bxa4 Rf5 40. Rg4 Rxf3 41. Bc2 Rf6 42. Kf1 Kh6 43. Rxg6+ Rxg6 44. Bxg6 Kxg6 45. Ke2 Kf6 1/2-1/2

[Event "Minsk op"]
[Site "?"]
[Date "1996.??.??"]
[Round "8"]
[White "Moskalenko Viktor"]
[Black "Mihajlovskij Sergei"]
[Result "1-0"]
[WhiteElo "2560"]
[BlackElo "2560"]
[PlyCount "67"]
[EventDate "1996.??.??"]
[Source "www.chesslib.no"]
[SourceDate "2004.05.04"]

1. d4 g6 2. c4 Bg7 3. Nc3 d6 4. e4 Nc6 5. d5 Nd4 6. Be3 c5 7. dxc6 Nxc6 8. Qd2 Nf6 9. f3 O-O 10. Nge2 Nd7 11. Nd4 Nde5 12. Be2 f5 13. exf5 gxf5 14. O-O f4 15. Bf2 Bd7 16. Rad1 Qe8 17. Nd5 Qf7 18. Rfe1 Kh8 19. Kh1 Ng6 20. b3 Nce5 21. Bd3 Nxd3 22. Qxd3 Be5 23. a4 Rg8 24. Nb5 Bf5 25. Qe2 e6 26. Nb4 Qg7 27. Nxd6 Bc3 28. Nxf5 exf5 29. Nd5 Bxe1 30. Qxe1 Ne5 31. Qf1 Nc6 32. Be1 h6 33. Bc3 Ne5 34. Nxf4 1-0

[Event "JUG Team Ch"]
[Site "Tivat"]
[Date "1995.??.??"]
[Round "4"]
[White "Zvjaginsev, Vadim"]
[Black "Sakaev, Konstantin"]
[Result "1/2-1/2"]
[WhiteElo "2585"]
[BlackElo "2535"]
[PlyCount "29"]
[EventDate "1995.??.??"]
[Source "www.chesslib.no"]
[SourceDate "2004.05.04"]

1. d4 d6 2. Nf3 g6 3. c4 Bg7 4. Nc3 e5 5. e4 exd4 6. Nxd4 Ne7 7. Be2 Nbc6 8. Be3 O-O 9. O-O f5 10. Nxc6 bxc6 11. c5 fxe4 12. cxd6 cxd6 13. Nxe4 Nf5 14. Bg5 Qa5 15. Rc1 1/2-1/2